000 00702nam a2200205 a 4500
001 61395
003 BD-RjUL
005 20211209080945.0
008 170117b1954 enk||||| |||| 00| 0 eng d
035 _a(BD-RjUL)61519
040 _aBD-RjUL
_beng
_cBD-RjUL
041 _aeng
082 _223
_a370.41
_bMIE 1954
110 _bMinistry of Education
_9183042
245 1 0 _aEducation in 1953 :
_b being the report of the Ministry of Education and the statistics of public education for England and Wales /
_cGreat Britain. Ministry of Education.
260 _aLondon :
_b H.M.S.O.,
_c1954.
300 _aviii, 189 p. :
_bill. ;
_c23 cm.
650 _aEducation
_zGreat Britain.
_9179844
942 _2ddc
_cBK
999 _c61395
_d61395